Libraries of Oxford - Statistics

General Stats
  • This quiz has been taken 15 times
  • The average score is 44 of 89
Answer Stats
Libraries % Correct
Christ Church Library
100%
Corpus Christi College Library
100%
Exeter College Library
100%
Lady Margaret Hall Library
100%
Radcliffe Camera
100%
St Anne's College Library
100%
Bodleian Old Library
92%
Brasenose College Library
92%
Jesus College Library
92%
Magdalen College Library
92%
Mansfield College Library
92%
Pembroke College Library
92%
Queen's College Library
92%
Somerville College Library
92%
St Peter's College Library
92%
University College Library
92%
Balliol College Historic Collections Centre
83%
Balliol College Library
83%
Law Library
83%
New College Library
83%
Worcester College Library
83%
Hertford College Library
75%
Keble College Library
75%
Lincoln College Library
75%
Oriel College Library
75%
St Edmund Hall Library
75%
St Hilda's College Library
75%
St Hugh's College Library
75%
St John's College Library
75%
Wolfson College Library
75%
All Souls College Library
67%
Humanities Library (Schwarzman)
67%
Japanese Library
67%
Reuben College Library
67%
Social Science Library
67%
St Catherine's College Library
67%
Taylor Institution Library
67%
Weston Library
67%
Blackfriars Library
58%
Kellogg College Library
58%
Merton College Library
58%
Pusey House Library
58%
Radcliffe Science Library
58%
Regent's Park College Library
58%
Trinity College Library
58%
Vere Harmsworth Library
58%
Wadham College Library
58%
Computer Science Library
50%
Nuffield College Library
50%
Wycliffe Hall Library
50%
Education Library
42%
Green Templeton College Library
42%
Harris Manchester College Library
42%
Linacre College Library
42%
St Cross College Library
42%
Leopold Muller Memorial Library
33%
Oxford Union Society Library
33%
Art, Archaeology and Ancient World Library
25%
Campion Hall Library
25%
Rewley House Continuing Education Library
25%
St Antony's College Library
25%
St Stephen's House Library
25%
Latin American Centre Library
17%
Nizami Ganjavi Library
17%
Sainsbury Library
17%
Statistics Library
17%
Bodleian Libraries Staff Library
8%
Cairns Library at JRH
8%
Chantry Library
8%
Earth Sciences Library
8%
History of Science Museum Library
8%
Horton Hospital Library
8%
KB Chen China Centre Library
8%
Materials Library
8%
Middle East Centre Library
8%
Russian and Eurasian Studies Centre Library
8%
Angus Library and Archive
0%
Balfour Library (Pitt Rivers Museum)
0%
Girdlestone Memorial Library
0%
Knowledge Centre at Old Road Campus
0%
Maison Française Library
0%
Mathematical Institute Library
0%
Oxford Centre for Hindu Studies Library
0%
Oxford Centre For Islamic Studies Library
0%
Oxford Centre For Mission Studies Library
0%
Oxford University Museum of Natural History Library
0%
Pauling Centre For Human Sciences Library
0%
Ruskin School of Art Library
0%
Sherardian Library of Plant Taxonomy
0%
No matching quizzes found
Score Distribution
Percent of People with Each Score
Percentile by Number Answered
Your Score History
You have not taken this quiz